|
|
|
|
| LEADER |
00000nam0a2200000 4500 |
| 001 |
308692 |
| 005 |
20231102002122.0 |
| 035 |
|
|
|a (RuTPU)RU\TPU\book\334013
|
| 090 |
|
|
|a 308692
|
| 100 |
|
|
|a 20151105d1981 m y0rusy50 ca
|
| 101 |
0 |
|
|a rus
|
| 102 |
|
|
|a UA
|
| 105 |
|
|
|a a j 001zy
|
| 200 |
1 |
|
|a Микроэлектроника
|e учебное пособие
|f Б. Г. Бондарь, В. А. Письменецкий, В. А. Хорунжий
|
| 210 |
|
|
|a Киев
|c Вища школа
|d 1981
|
| 215 |
|
|
|a 256 с.
|c ил.
|
| 320 |
|
|
|a Библиогр.: с. 253-254
|
| 606 |
|
|
|a Микроэлектроника
|2 stltpush
|3 (RuTPU)RU\TPU\subj\43811
|9 63253
|
| 610 |
1 |
|
|a интегральные микросхемы
|
| 610 |
1 |
|
|a технология
|
| 610 |
1 |
|
|a проектирование
|
| 610 |
1 |
|
|a фотолитография
|
| 610 |
1 |
|
|a генераторы
|
| 610 |
1 |
|
|a микропроцессоры
|
| 610 |
1 |
|
|a акустоэлектроника
|
| 610 |
1 |
|
|a оптоэлектроника
|
| 610 |
1 |
|
|a узлы
|
| 610 |
1 |
|
|a блоки
|
| 610 |
1 |
|
|a компоновка
|
| 610 |
1 |
|
|a учебные пособия
|
| 675 |
|
|
|a 621.382.049.77(075.8)
|v 4
|
| 700 |
|
1 |
|a Бондарь
|b Б. Г.
|g Борис Георгиевич
|
| 701 |
|
1 |
|a Письменецкий
|b В. А.
|g Виктор Александрович
|
| 701 |
|
1 |
|a Хорунжий
|b В. А.
|g Виталий Андреевич
|
| 702 |
|
1 |
|a Бондарь
|b Б. Г.
|g Борис Георгиевич
|4 340
|
| 801 |
|
1 |
|a RU
|b 63413507
|c 20151105
|
| 801 |
|
2 |
|a RU
|b 63413507
|c 20180912
|g RCR
|
| 942 |
|
|
|c BK
|